000 00354nam a2200145Ia 4500
003 OSt
008 191201s1984 xx 000 0 und d
082 _a530.4
_bBAJ
100 _aBARONE,Antonio
245 0 _aJosephson Effect, Achievements and Trends
260 _aNew Delhi
_bWorld scientific
_c1984
300 _a511
650 _aApplied
942 _2ddc
_cBK
999 _c531
_d531